Derecho internacional privado (Registro nro. 38367)

Detalles MARC
000 -ENCABEZADO
Número de control [NR] 02527cam a22002897a 4500
005 - FECHA Y HORA DE LA ÚLTIMA TRANSACCIÓN
control field 20140903180253.0
008 - DE LONGITUD FIJA DE DATOS DE ELEMENTOS - INFORMACIÓN GENERAL
Elementos de longitud fija [NR] 130419s1878||||sp ||||fr|||||00||0|spa|d
040 ## - FUENTE DE CATALOGACION [NR]
Agencia de catalogación original [NR] Co-BoUCM
Idioma de catalogación [NR] spa
Quien Cataloga Sandra Yazo (modificó)
Quien Clasifica Sandra Yazo
041 1# - CODIGO DE IDIOMA [R]
Código de idioma para texto/pista de sonido o título separado [R] Español
082 04 - NUMERO DE CLASIFICACION DECIMAL DEWEY [R]
Número de clasificación [R] 340.09
Número de la edición [NR] 20
092 ## - SIGNATURA TOPOGRAFICA LOCAL
Número de clasificación local E22N012
100 1# - ASIENTO PRINCIPAL--NOMBRE PERSONAL [NR]
Nombre personal [NR] Fiore, Pasquale
Fechas asociadas con el nombre [NR] 1837-1914
ID Autoridad 41688
245 10 - MENCION DE TITULO [NR]
Título [NR] Derecho internacional privado
Parte restante del título [NR] principios para resolver los conflictos entre las diversas legislaciones en mateira de derecho civil y comercial, etc
Mención de responsabilidad, etc. [NR] por Pascual Fiore ; Version estellana de A. García Moreno ; aumentada con un ápendice del autor y con un prologo de D. Cristiano Martos
Número de la parte/sección de la obra [R] Tomo primero [-Segundo]
260 ## - PUBLICACION, DISTRIBUCION, ETC. (PIE DE IMPRENTA) [R]
Lugar de publicación, distribución, etc. [R] MadrId
Nombre del editor, distribuidor, etc. [R] F. Góngora y compañía, editores
Fecha de publicación, distribución, etc. [R] 1878
300 ## - DESCRIPCION FISICA [R]
Extensión [R] 2 t. en 1 V. [375 ; 360 p.]
Dimensiones [R] 23 x 15 cm.
490 ## - MENCION DE SERIE [R]
Mención de serie [R] Nueva biblioteca universal sección jurídica
Designación numérica/secuencial del volumen [NR] 2
-- 3
500 ## - NOTA GENERAL [R]
Nota general [NR] Detalles físicos: Ej.1, incluye dos tomos en un volumen. Encuadernación rígida en cartón forrado en papel, con lomo y esquinas de tapas en cuero. Lomo con nervaduras sobre costuras, letras en dorado. Guardas en papel de agua. Anteportada y portada impresas a una sola tinta. Texto en una columna con notas al pie de página. Papel con algunas manchas de humedad. Empieza a desprenderse el lomo. Hoja de cortesía con una anotación: A mi sobrino José Gneco Laborde su tío J. Laborde. Paris Febrero 25 de 1887", rota y doblada. Ej.2, encuadernación rígida en cartón forrada en cuero, lomo con tejuelos, letras y adornos en dorado. Guardas. Empieza a desencuadernarse. Portada con sellos de tinta: “Dr. Alejandro Motta. Abogado. Calle 19 N. 68”, papel muy manchado.
505 0# - NOTA DE CONTENIDO CON FORMATO PREESTABLECIDO [R]
Nota de contenido con formato preestablecido [NR] V.1-2 (1): Objetivo de la ciencia y su definición. ; Breve exposición histórica acerca de la condición de los extranjeros. ; Consideraciones históricas sobre las relaciones de vasallaje. ; Principios fundamentales según nuestro sistema. Examen crítico de los sistemas de los autores. ; Primer libro de las personas. ; Segundo libro de la ley que debe regir los derechos patrimoniales reales. -- V.1-2 (2): Segundo libro (continuación) de las obligaciones convencionales. ; Apéndices.
506 ## - NOTA DE RESTRICCIONES DE ACCESO [R]
Condiciones de acceso [NR] Consulta en sala.
650 04 - ASIENTO SECUNDARIO DE MATERIA - TERMINO TEMATICO [R]
Término temático o nombre geográfico como elemento de entrada [NR] Derecho internacional público
9 (RLIN) 7498
650 04 - ASIENTO SECUNDARIO DE MATERIA - TERMINO TEMATICO [R]
Término temático o nombre geográfico como elemento de entrada [NR] Derecho internacional público
Subdivisión general [R] Historia
9 (RLIN) 7498
650 04 - ASIENTO SECUNDARIO DE MATERIA - TERMINO TEMATICO [R]
Término temático o nombre geográfico como elemento de entrada [NR] Derecho internacional
9 (RLIN) 12776
690 ## - ASUNTO AGREGADO LOCAL DE ENTRADA - TÉRMINO TEMÁTICO (OCLC, RLIN)
Acceso temático local Derecho
700 1# - ASIENTO SECUNDARIO - NOMBRE PERSONAL [R]
Nombre personal [NR] García Moreno, A.
Término de relación [R] traductor
9 (RLIN) 41700
700 1# - ASIENTO SECUNDARIO - NOMBRE PERSONAL [R]
Nombre personal [NR] Martos, Cristino
9 (RLIN) 41701
942 ## - ELEMENTOS DE ENTRADA AGREGADOS (KOHA)
Tipo de ítem principal el descrito en 300a Libro
Edición 1
Tema principal 8
Sistema de clasificación DEWEY
Clasificación 340.09
Existencias
Suprimido Perdido Sistema de clasificación Dañado No prestable Tipo de ítem específico Ubicación habitual Ubicación actual Localización Fecha de creación Forma de adquisición Costo Volúmen / Fascículo Total préstamos Signatura topográfica Código de barras Última vez visto Ejemplar Price effective from Tipo de ítem
    LOCAL     Libro archivo Archivo Histórico Archivo Histórico Archivo histórico 29/07/2013 Donación 0.00 V.1-2   E22N012 L003254 15/12/2012 Ej.1 03/02/2013 Libro
    LOCAL     Libro archivo Archivo Histórico Archivo Histórico Archivo histórico 29/07/2013 Donación 0.00 V.1-2   E22N012 L004016 29/07/2013 Ej.2 29/07/2013 Libro